[Event "MPJ_D16"]
[Site "?"]
[Date "2016.03.15"]
[Round "4.16"]
[White "Stebel, Agata"]
[Black "Przepiora, Anna"]
[Result "1-0"]
[BlackElo "1243"]
[WhiteElo "1856"]
[LiveChessVersion "1.4.8"]

1. e4 {[%clk 1:30:57]} c5 {[%clk 1:30:36]} 2. c3 {[%clk 1:31:16]} Nf6
{[%clk 1:30:53]} 3. e5 {[%clk 1:31:37]} Nd5 {[%clk 1:30:59]} 4. d4
{[%clk 1:32:01]} cxd4 {[%clk 1:31:01]} 5. Nf3 {[%clk 1:32:16]} Nc6
{[%clk 1:30:36]} 6. cxd4 {[%clk 1:31:50]} d6 {[%clk 1:29:25]} 7. Bc4
{[%clk 1:29:33]} Nb6 {[%clk 1:29:40]} 8. Bb5 {[%clk 1:26:51]} Bd7
{[%clk 1:26:50]} 9. exd6 {[%clk 1:23:05]} exd6 {[%clk 1:27:10]} 10. O-O
{[%clk 1:22:28]} Be7 {[%clk 1:27:02]} 11. Nc3 {[%clk 1:20:55]} a6
{[%clk 1:26:31]} 12. Bd3 {[%clk 1:13:42]} Nb4 {[%clk 1:23:46]} 13. Bb1
{[%clk 1:12:13]} Bg4 {[%clk 1:17:41]} 14. Bf4 {[%clk 1:06:42]} N4d5
{[%clk 1:12:47]} 15. Nxd5 {[%clk 1:03:54]} Nxd5 {[%clk 1:12:01]} 16. Bg3
{[%clk 1:03:02]} Nf6 {[%clk 1:05:45]} 17. Bc2 {[%clk 0:51:47]} Rc8
{[%clk 1:04:24]} 18. Bb3 {[%clk 0:49:29]} O-O {[%clk 1:02:14]} 19. Qd3
{[%clk 0:45:45]} Re8 {[%clk 0:52:02]} 20. Rfe1 {[%clk 0:40:17]} Qc7
{[%clk 0:44:37]} 21. Rac1 {[%clk 0:34:35]} Qxc1 {[%clk 0:43:14]} 22. Rxc1
{[%clk 0:34:46]} Rxc1+ {[%clk 0:43:38]} 23. Bd1 {[%clk 0:35:05]} Bf5
{[%clk 0:43:05]} 24. Qd2 {[%clk 0:31:39]} Rec8 {[%clk 0:43:05]} 25. Bf4
{[%clk 0:24:37]} Nd5 {[%clk 0:35:05]} 26. Qxc1 {[%clk 0:23:44]} Rxc1
{[%clk 0:35:27]} 27. Bxc1 {[%clk 0:24:09]} Nb4 {[%clk 0:35:39]} 28. Bd2
{[%clk 0:20:43]} Nxa2 {[%clk 0:26:05]} 29. Bb3 {[%clk 0:19:29]} Bb1
{[%clk 0:26:22]} 30. Bg5 {[%clk 0:16:21]} Bxg5 {[%clk 0:21:57]} 31. Nxg5
{[%clk 0:16:31]} Nc1 {[%clk 0:22:02]} 32. Bxf7+ {[%clk 0:16:10]} Kf8
{[%clk 0:22:20]} 33. Bd5 {[%clk 0:12:57]} b5 {[%clk 0:20:39]} 34. Ne6+
{[%clk 0:11:31]} Ke7 {[%clk 0:20:54]} 35. Nc7 {[%clk 0:08:58]} Ne2+
{[%clk 0:18:47]} 36. Kf1 {[%clk 0:09:17]} Nxd4 {[%clk 0:18:08]} 37. Nxa6
{[%clk 0:08:56]} Bd3+ {[%clk 0:17:27]} 38. Ke1 {[%clk 0:08:55]} Bc4
{[%clk 0:17:29]} 39. Nb4 {[%clk 0:06:56]} Bxd5 {[%clk 0:15:29]} 40. Nxd5+
{[%clk 0:37:20]} Ke6 {[%clk 0:45:48]} 41. Nc3 {[%clk 0:31:50]} d5
{[%clk 0:44:18]} 42. Kd2 {[%clk 0:30:09]} b4 {[%clk 0:44:01]} 43. Na2
{[%clk 0:24:31]} Nc6 {[%clk 0:43:35]} 44. Kd3 {[%clk 0:23:47]} Ke5
{[%clk 0:43:24]} 45. Nc1 {[%clk 0:22:37]} Na5 {[%clk 0:42:40]} 46. Ne2
{[%clk 0:17:28]} Nc4 {[%clk 0:42:22]} 47. b3 {[%clk 0:17:29]} Na5
{[%clk 0:42:28]} 48. Nd4 {[%clk 0:17:20]} Nb7 {[%clk 0:41:32]} 49. Nc6+
{[%clk 0:16:50]} Kd6 {[%clk 0:41:42]} 50. Nxb4 {[%clk 0:16:31]} Kc5
{[%clk 0:41:23]} 51. Nc2 {[%clk 0:16:29]} Nd8 {[%clk 0:40:12]} 52. b4+
{[%clk 0:16:28]} Kd6 {[%clk 0:40:28]} 53. Nd4 {[%clk 0:16:19]} g6
{[%clk 0:40:16]} 54. Ke3 {[%clk 0:15:52]} h6 {[%clk 0:39:38]} 55. Kd3
{[%clk 0:13:57]} Nf7 {[%clk 0:39:40]} 56. f4 {[%clk 0:13:05]} Kd7
{[%clk 0:38:53]} 57. Nb5 {[%clk 0:11:34]} Kc6 {[%clk 0:38:27]} 58. Nc3
{[%clk 0:10:57]} Nd6 {[%clk 0:38:29]} 59. g4 {[%clk 0:10:13]} Nc8
{[%clk 0:37:44]} 60. Kd4 {[%clk 0:09:49]} Ne7 {[%clk 0:37:51]} 61. Ke5
{[%clk 0:09:50]} h5 {[%clk 0:37:37]} 62. gxh5 {[%clk 0:08:02]} gxh5
{[%clk 0:37:57]} 63. f5 {[%clk 0:06:29]} h4 {[%clk 0:37:14]} 64. b5+
{[%clk 0:05:10]} Kc5 {[%clk 0:37:15]} 65. Ke6 {[%clk 0:03:57]} 1-0

[Event "MPJ_D16"]
[Site "?"]
[Date "2016.03.15"]
[Round "4.18"]
[White "Luka, Agnieszka"]
[Black "Waszkowiak, Kinga"]
[Result "1/2-1/2"]
[BlackElo "1044"]
[WhiteElo "1313"]
[LiveChessVersion "1.4.8"]

1. d4 {[%clk 1:30:58]} f5 {[%clk 1:30:53]} 2. c4 {[%clk 1:31:12]} Nf6
{[%clk 1:31:13]} 3. Nc3 {[%clk 1:31:34]} e6 {[%clk 1:31:36]} 4. Bf4
{[%clk 1:31:33]} Bb4 {[%clk 1:31:44]} 5. Nf3 {[%clk 1:31:23]} O-O
{[%clk 1:32:00]} 6. e3 {[%clk 1:31:37]} b6 {[%clk 1:31:26]} 7. Bd3
{[%clk 1:30:28]} Bb7 {[%clk 1:31:08]} 8. O-O {[%clk 1:30:02]} Bxc3
{[%clk 1:31:31]} 9. bxc3 {[%clk 1:30:22]} d6 {[%clk 1:29:46]} 10. h3
{[%clk 1:30:19]} Nbd7 {[%clk 1:28:27]} 11. Re1 {[%clk 1:25:38]} h6
{[%clk 1:23:47]} 12. Bh2 {[%clk 1:24:37]} Ne4 {[%clk 1:23:43]} 13. Rc1
{[%clk 1:24:24]} Qe7 {[%clk 1:20:02]} 14. Nd2 {[%clk 1:22:55]} Nxd2
{[%clk 1:17:09]} 15. Qxd2 {[%clk 1:22:14]} Qg5 {[%clk 1:16:30]} 16. Bg3
{[%clk 1:19:54]} Nf6 {[%clk 1:14:11]} 17. Rc2 {[%clk 1:15:12]} Ne4
{[%clk 1:11:24]} 18. Bxe4 {[%clk 1:13:31]} Bxe4 {[%clk 1:09:25]} 19. Rb2
{[%clk 1:12:54]} Bb7 {[%clk 0:53:44]} 20. d5 {[%clk 1:10:09]} Qf6
{[%clk 0:48:28]} 21. f3 {[%clk 1:03:07]} e5 {[%clk 0:43:14]} 22. f4
{[%clk 1:01:07]} exf4 {[%clk 0:42:07]} 23. exf4 {[%clk 0:59:59]} Rae8
{[%clk 0:40:23]} 24. Bf2 {[%clk 0:58:35]} Re7 {[%clk 0:31:59]} 25. Bd4
{[%clk 0:55:44]} Qh4 {[%clk 0:29:21]} 26. Rbb1 {[%clk 0:43:12]} Rfe8
{[%clk 0:23:36]} 27. Bf2 {[%clk 0:41:53]} Qf6 {[%clk 0:22:59]} 28. Bd4
{[%clk 0:41:35]} Qg6 {[%clk 0:20:28]} 29. Rxe7 {[%clk 0:40:51]} Rxe7
{[%clk 0:20:49]} 30. Re1 {[%clk 0:40:53]} Qe8 {[%clk 0:20:43]} 31. Rxe7
{[%clk 0:39:30]} Qxe7 {[%clk 0:21:04]} 32. Kf2 {[%clk 0:37:32]} Ba6
{[%clk 0:17:57]} 33. Qd3 {[%clk 0:37:10]} Qe4 {[%clk 0:17:52]} 34. Qxe4
{[%clk 0:32:57]} fxe4 {[%clk 0:18:07]} 35. Ke3 {[%clk 0:32:33]} Bxc4
{[%clk 0:18:19]} 36. Kxe4 {[%clk 0:32:14]} Bxa2 {[%clk 0:18:26]} 37. g4
{[%clk 0:31:49]} Kf7 {[%clk 0:13:01]} 38. h4 {[%clk 0:31:39]} a5 {[%clk 0:08:47]}
39. h5 {[%clk 0:31:12]} Bb1+ {[%clk 0:04:23]} 40. Kf3 {[%clk 1:01:15]} g5
{[%clk 0:32:32]} 41. hxg6+ {[%clk 1:00:43]} Kxg6 {[%clk 0:29:32]} 42. f5+
{[%clk 1:00:21]} 1/2-1/2